Педагогика: педагогические теории, системы, технологии (Запись № 128273)

Подробности
000 -МАРКЕР
контрольное поле 02234nam0a2200421 4500
001 - ИДЕНТИФИКАТОР ЗАПИСИ
контрольное поле RU\NLR\bibl\27129
005 - ИДЕНТИФИКАТОР ВЕРСИИ
контрольное поле 20260407121001.0
010 ## - МЕЖДУНАРОДНЫЙ СТАНДАРТНЫЙ НОМЕР КНИГИ (ISBN)
Номер (ISBN) 5-7695-0264-9
Тираж 30000
021 ## - НОМЕР ГОСУДАРСТВЕННОЙ РЕГИСТРАЦИИ
Код страны Российская Федерация
Номер 99-13205
Номер Листа государственной регистраци 637
035 ## - ДРУГИЕ СИСТЕМНЫЕ НОМЕРА
Идентификатор записи (NLR Aleph) 000026436
100 ## - ДАННЫЕ ОБЩЕЙ ОБРАБОТКИ
Данные общей обработки 19990513d1999 |||y0rusy50 ca
101 0# - ЯЗЫК РЕСУРСА
Язык текста, звукозаписи и т.д. русский
102 ## - СТРАНА ПУБЛИКАЦИИ ИЛИ ПРОИЗВОДСТВА
Страна публикации Российская Федерация
105 ## - ПОЛЕ КОДИРОВАННЫХ ДАННЫХ: ТЕКСТОВЫЕ МАТЕРИАЛЫ, МОНОГРАФИЧЕСКИЕ
Кодированные данные о монографическом текстовом документе y |||||||||
200 1# - ЗАГЛАВИЕ И СВЕДЕНИЯ ОБ ОТВЕТСТВЕННОСТИ
Основное заглавие Педагогика: педагогические теории, системы, технологии
Сведения, относящиеся к заглавию Учеб. пособие для студентов сред. пед. учеб. заведений
Первые сведения об ответственности [Т.И. Бабаева, А.Г. Гогоберидзе, Н.Ф. Голованова и др.]
Последующие сведения об ответственности Под ред. С.А. Смирнова
-- [Федер. целевая прогр. книгоиздания России]
205 ## - СВЕДЕНИЯ ОБ ИЗДАНИИ
Сведения об издании 2-е изд., испр. и доп.
210 ## - ПУБЛИКАЦИЯ, РАСПРОСТРАНЕНИЕ И ДР.
Место издания, распространения и т.д. М.
Имя издателя, распространителя и т. д. AcademiA
Дата издания, распространения и т.д. 1999
215 ## - ФИЗИЧЕСКАЯ ХАРАКТЕРИСТИКА
Специфическое обозначение материала и объем 533 с.
Размеры 21
225 1# - СЕРИЯ
Основное заглавие серии Педагогическое образование
300 ## - ОБЩИЕ ПРИМЕЧАНИЯ
Текст примечания Библиогр. в конце разделов
320 ## - ПРИМЕЧАНИЯ О НАЛИЧИИ В ДОКУМЕНТЕ БИБЛИОГРАФИИ / УКАЗАТЕЛЯ
Текст примечания Предм. указ.: с. 528-531
606 0# - НАИМЕНОВАНИЕ ТЕМЫ КАК ПРЕДМЕТ
Наименование темы Педагогика
Формальный подзаголовок Руководства, пособия и т.п.
Системный номер авторитетной/нормативной записи 921924
Идентификатор авторитетной/нормативной записи RU\NLR\auth\6619222
606 0# - НАИМЕНОВАНИЕ ТЕМЫ КАК ПРЕДМЕТ
Наименование темы Педагогика
Формальный подзаголовок Учебные издания для высшей школы
Системный номер авторитетной/нормативной записи 921924
Идентификатор авторитетной/нормативной записи RU\NLR\auth\6619222
686 ## - ИНДЕКСЫ ДРУГИХ КЛАССИФИКАЦИЙ
Индекс Ч312
701 #1 - ИМЯ ЛИЦА - АЛЬТЕРНАТИВНАЯ ОТВЕТСТВЕННОСТЬ
Код отношения Автор
Материалы, к которым относится поле rus
Графика поля Кириллица
Начальный элемент ввода Бабаева
Часть имени, кроме начального элемента ввода Т. И.
Расширение инициалов личного имени Татьяна Игоревна
Идентификатор авторитетной/нормативной записи RU\NLR\auth\7743356
Системный номер авторитетной/нормативной записи 26299
701 #1 - ИМЯ ЛИЦА - АЛЬТЕРНАТИВНАЯ ОТВЕТСТВЕННОСТЬ
Код отношения Автор
Графика поля Кириллица
Материалы, к которым относится поле rus
Начальный элемент ввода Гогоберидзе
Часть имени, кроме начального элемента ввода А. Г.
Дополнения к именам, кроме дат д-р пед. наук
Даты 1962-
Расширение инициалов личного имени Александра Гививна
Системный номер авторитетной/нормативной записи 157098
Идентификатор авторитетной/нормативной записи RU\NLR\AUTH\770157138
701 #1 - ИМЯ ЛИЦА - АЛЬТЕРНАТИВНАЯ ОТВЕТСТВЕННОСТЬ
Начальный элемент ввода Голованова
Часть имени, кроме начального элемента ввода Н. Ф.
Код отношения Автор
702 #1 - ИМЯ ЛИЦА - ВТОРИЧНАЯ ОТВЕТСТВЕННОСТЬ
Код отношения Редактор
Материалы, к которым относится поле rus
Графика поля Кириллица
Начальный элемент ввода Смирнов
Часть имени, кроме начального элемента ввода С. А.
Дополнения к именам, кроме дат канд. пед. наук
Расширение инициалов личного имени Сергей Александрович
Идентификатор авторитетной/нормативной записи RU\NLR\auth\7743321
Системный номер авторитетной/нормативной записи 26264
712 02 - НАИМЕНОВАНИЕ ОРГАНИЗАЦИИ - ВТОРИЧНАЯ ОТВЕТСТВЕННОСТЬ
Код отношения Прочие
Начальный элемент ввода Федеральная целевая программа книгоиздания России
Идентификатор авторитетной/нормативной записи RU\NLR\AUTH\889953597
Системный номер авторитетной/нормативной записи 403212
801 #0 - ИСТОЧНИК ЗАПИСИ
Страна Российская Федерация
Организация NLR
Дата составления 19990513
Правила каталогизации PSBO
801 #1 - ИСТОЧНИК ЗАПИСИ
Страна Российская Федерация
Организация NLR
Дата составления 19990513
852 ## - МЕСТОНАХОЖДЕНИЕ И ШИФР ХРАНЕНИЯ
Идентификатор организации NLR
Шифр хранения (Call Number) 99-3/3334
942 ## - ДОПОЛНИТЕЛЬНЫЕ ЭЛЕМЕНТЫ ЗАПИСИ (АБИС)
Тип экземпляра АБИС Книга
980 ## - КОЛЛЕКЦИЯ
Название коллекции Национальная библиография
Экземпляры
Тип экземпляра Дата поступления Библиотека постоянного хранения Библиотека текущего хранения Место хранения Шифр хранения Штрих-код Статус экземпляра
Книга 26.10.2013 РНБ (Московский) РНБ (Московский) Русский книжный фонд: издания с 1957 года 99-3/3334 1-2303566